000 00629nam a2200241Ia 4500
001 48858
005 20240114003926.0
007 ta
008 090521s1935 g b000 u 465 u
040 _aCotton College,Assam
041 _a465
082 _a220
_bB 25 K
100 _aBarim, Ka Testamen .
245 0 _aKa Ktin U Blei /
_cKa Testamen Barim.
_hTextual Documents
250 _a1st ed /
260 _aLondon :
_bBritish and Foreign Bible Society ,
_c1935.
300 _a1404p ;
_c23 cm.
653 _aReligion
653 _aT/G-Religion
942 _2ddc
_cBK
999 _c48823
_d48823